Solid State Electronic Devices (Record no. 15926)

MARC details
000 -LEADER
fixed length control field 00418nam a2200157Ia 4500
008 - FIXED-LENGTH DATA ELEMENTS--GENERAL INFORMATION
fixed length control field 221030s9999 xx 000 0 und d
020 ## - INTERNATIONAL STANDARD BOOK NUMBER
ISBN 9332549913
041 ## - LANGUAGE CODE
Language code of text/sound track or separate title
100 ## - MAIN ENTRY--AUTHOR NAME
Personal name B. G. Streetman
245 #0 - TITLE STATEMENT
Title Solid State Electronic Devices
Statement of responsibility, etc by B. G. Streetman, S. K. banerjee
260 ## - PUBLICATION, DISTRIBUTION, ETC. (IMPRINT)
Name of publisher Pearson Education
Place of publication New Delhi
Year of publication 2016
300 ## - PHYSICAL DESCRIPTION
Number of Pages 624
650 ## - SUBJECT ADDED ENTRY--TOPICAL TERM
Topical Term BB ECE
700 ## - ADDED ENTRY--PERSONAL NAME
Personal name S. K. banerjee
942 ## - ADDED ENTRY ELEMENTS (KOHA)
Koha item type Books
Holdings
Accession Number Cost, normal purchase price Bill Date Source of acquisition Price effective from Koha item type Withdrawn / writtenoff status Materials specified (bound volume or other part) Damaged status Not for loan Permanent Location Current Location Shelving location Date acquired Lost/ Missing status department
BB 742 495.00 3983 RKB 10/30/2022 Books   Print     MIET Library, Jammu MIET Library, Jammu BL-Academic Block B, FL-2, CUP-103, SH-4, R-4 12/24/2015   BB
BE 14446 495.00 3983 RKB 10/30/2022 Books   Print   Not For Loan MIET Library, Jammu MIET Library, Jammu BL-Academic Block B, FL-2, CUP-76, SH-5, R-5 01/04/2016   BE
BE 14447 495.00 3983 RKB 10/30/2022 Books   Print     MIET Library, Jammu MIET Library, Jammu BL-Aacdemic Block C, FL-2, CUP-12, SH-3, R-3 01/04/2016   BE